| 000 | 00458 a2200133 4500 | ||
|---|---|---|---|
| 001 | ART_45506 | ||
| 005 | 20260410162011.0 | ||
| 008 | 260409a | ||
| 245 | 1 | 0 | _aModelos autorregresivos con umbral: estimando el passthrough del tipo de cambio a precios domésticos |
| 100 | 1 | _aBrufman, Juana Z. | |
| 700 | 1 | _aTrajtenberg, Luis A. | |
| 700 | 1 | _aDonaldson, María Paula | |
| 773 | 0 |
_tCuadernos del CIMBAGE _g- Nº 19 (mayo 2017) _wREV34895 |
|
| 999 |
_c32206 _d32206 |
||